Návrh zdokonalenia podnikovej kultúry v podmienkach spoločnosti Premac, spol. s r.o.

Enregistré dans:
Détails bibliographiques
Auteur principal: Štibraná, Zuzana (Auteur)
Autres auteurs: Samáková, Jana (Directeur de thèse)
Format: Manuscrit Livre
Langue:slovaque
Publié: 2016
Sujets:
Accès en ligne:http://is.stuba.sk/zp/portal_zp.pl?podrobnosti=118979
Tags: Ajouter un tag
Pas de tags, Soyez le premier à ajouter un tag!

MARC

LEADER 00000ntm a22000003a 4500
001 stuzp56636
003 SK-STU
005 20160719155042.1
007 ta
008 150427s2015----xo-----f-mn---000-0-slo-d
040 |a STU  |b slo 
041 0 |a slo 
100 1 |a Štibraná, Zuzana  |u 064000  |k Z4  |4 aut  |U MTF Materiálovotechnologická fakulta  |T MTF Ústav priemyselného inžinierstva a manažmentu  |X 42373  |U M4000  |Y 84  |7 A000042373 
242 0 1 |a Proposal for improving corporate culture in terms of company Premac, Ltd.  |y eng 
245 1 0 |a Návrh zdokonalenia podnikovej kultúry v podmienkach spoločnosti Premac, spol. s r.o. 
260 |c 2016 
650 4 |a prvky  |2 slo 
650 4 |a podniková kultúra  |2 slo 
650 4 |a typológia  |2 slo 
650 4 |a corporate culture  |2 eng 
650 4 |a elements  |2 eng 
650 4 |a typology  |2 eng 
700 1 |a Samáková, Jana  |u 064000  |k Z1  |4 ths  |U MTF Materiálovotechnologická fakulta  |T MTF Ústav priemyselného inžinierstva a manažmentu  |X 33101  |U M4000  |Y 84  |7 A000033101 
856 4 |u http://is.stuba.sk/zp/portal_zp.pl?podrobnosti=118979 
996 |c M* DP-12741  |l MMSKP  |s P  |a 0  |w stuzp56636_0001 
SQL |a stuzp56636  |b DDP  |c SLO  |d Návrh zdokonalenia podnikovej kultúry v podmienkach spoločnosti Premac, spol. s r.o.  |e 42373  |f Štibraná, Zuzana  |g 064000  |h 33101  |i Samáková, Jana  |j 20160601  |k 189  |l 06  |m http://is.stuba.sk/zp/portal_zp.pl?podrobnosti=118979  |n I-PMA  |o 5.2.52. priemyselné inžinierstvo